ბათუმის შოთა რუსთაველის სახელმწიფო უნივერსიტეტის ბიბლიოთეკა

მახარა. (ბიბ.ჩანაწერი № 40127)

000 -LEADER
fixed length control field 00684nam a2200229Ia 4500
001 - CONTROL NUMBER
control field 6733
003 - CONTROL NUMBER IDENTIFIER
control field GE_BSU
008 - FIXED-LENGTH DATA ELEMENTS--GENERAL INFORMATION
fixed length control field 181216s||||||||xx |||||||||||||| ||und||
040 ## - CATALOGING SOURCE
Transcribing agency GE_BSU
080 ## - UNIVERSAL DECIMAL CLASSIFICATION NUMBER
Universal Decimal Classification number 821.353.1-32
100 ## - MAIN ENTRY--PERSONAL NAME
Personal name გვეტაძე,რაჟდენ.
245 ## - TITLE STATEMENT
Title მახარა.
245 ## - TITLE STATEMENT
Remainder of title მოთხრობა.
245 ## - TITLE STATEMENT
Statement of responsibility, etc. კონსტანტინე,ლორთქიფანიძის, რედაქცით.
260 ## - PUBLICATION, DISTRIBUTION, ETC.
Place of publication, distribution, etc. თბილისი.
260 ## - PUBLICATION, DISTRIBUTION, ETC.
Name of publisher, distributor, etc. ნაკადული.
260 ## - PUBLICATION, DISTRIBUTION, ETC.
Date of publication, distribution, etc. 1967.
300 ## - PHYSICAL DESCRIPTION
Extent 14გვ;17სმ.
653 ## - INDEX TERM--UNCONTROLLED
Uncontrolled term მახარა.
653 ## - INDEX TERM--UNCONTROLLED
Uncontrolled term მოთხრობა.
942 ## - ADDED ENTRY ELEMENTS (KOHA)
Koha item type წიგნი
ეგზემპლარები
Withdrawn status Lost status Damaged status Not for loan Date acquired Barcode Date last seen Price effective from Koha item type
        2018-12-17 14598 2018-12-17 2018-12-17 წიგნი